Environmentální výchova v terénu /

Hlavní autor: Synek, Michal
Další autoři: Žatka, Radomil
Jazyk: Čeština
Vydáno: České Budějovice : Vysoká škola evropských a regionálních studií, 2012
Edice: Studijní text
Témata:
Fyzický popis: 143 s. : il. (převážně barev.), 1 mapa ; 24 cm
Knihy
Uloženo v:
LEADER 02590nam a2200637 a 4500
001 nkc20122347306
003 CZ PrNK
005 20121107074003.0
007 ta
008 120313s2012 xr ab e f 000 0 cze
015 |a cnb002347306 
020 |a 978-80-87472-22-4  |q (brož.) 
035 |a (OCoLC)817046593 
040 |a OLA001  |b cze  |d ABA001 
043 |a e-xr--- 
072 7 |a 502  |x Životní prostředí a jeho ochrana  |2 Konspekt  |9 2 
072 7 |a 37.016  |x Učební osnovy. Vyučovací předměty. Učebnice  |2 Konspekt  |9 22 
080 |a 502:37.03  |2 MRF 
080 |a 37.091.214  |2 MRF 
080 |a 37.091.33-027.22  |2 MRF 
080 |a 37.091.313  |2 MRF 
080 |a 37.091.33  |2 MRF 
080 |a (437.3)  |2 MRF 
080 |a (072)  |2 MRF 
080 |a (07)  |2 MRF 
100 1 |a Synek, Michal  |7 ola2012720666  |4 aut 
245 1 0 |a Environmentální výchova v terénu /  |c Michal Synek, Radomil Žatka 
260 |a České Budějovice :  |b Vysoká škola evropských a regionálních studií,  |c 2012 
300 |a 143 s. :  |b il. (převážně barev.), 1 mapa ;  |c 24 cm 
490 1 |a Studijní text 
500 |a 100 výt. 
504 |a Obsahuje bibliografie 
650 0 7 |a environmentální výchova a vzdělávání  |7 ph119964  |z Česko  |2 czenas 
650 0 7 |a vzdělávací programy  |7 ph127309  |2 czenas 
650 0 7 |a terénní vyučování  |7 ph241813  |2 czenas 
650 0 7 |a projektové vyučování  |7 ph196646  |2 czenas 
650 0 7 |a didaktické hry  |7 ph119432  |2 czenas 
650 0 9 |a environmental education  |z Czechia  |2 eczenas 
650 0 9 |a educational programs  |2 eczenas 
650 0 9 |a practical teaching  |2 eczenas 
650 0 9 |a project method in teaching  |2 eczenas 
650 0 9 |a educational games  |2 eczenas 
655 7 |a metodické příručky  |7 fd132826  |2 czenas 
655 7 |a učební texty  |7 fd133599  |2 czenas 
655 9 |a methodological manuals  |2 eczenas 
655 9 |a educational texts  |2 eczenas 
700 1 |a Žatka, Radomil  |7 ola2012720669  |4 aut 
810 2 |a Vysoká škola evropských a regionálních studií.  |t Studijní texty  |0 s 
910 2 |a BOA001  |b 2-1291.121 
990 |a BK 
995 |a 01 
991 |b 201210  |c NOV  |e n 
996 6 |b 2610524053  |c 2-1291.121  |l MZK  |r Sklad / do 1 hodiny  |n 4  |p p.v.  |w 001284959  |u 000010  |a 1  |e BOA001  |j MZK50  |s P 
996 6 |b 2610527918  |c 2-1291.121  |l MZK  |r STM 6p  |n 0  |p dar  |h 502 SYN  |w 001284959  |u 000020  |a 0  |e BOA001  |j MZK50  |s P 
996 7 |b 2610527919  |c 2-1291.121  |l Vol.výběr  |r VV 0p  |n 24  |p dar  |h 502 SYN  |w 001284959  |u 000030  |a 0  |e BOA001  |j MZK50  |s A 
996 7 |b 2610527920  |c 2-1291.121  |l Vol.výběr  |r VV 0p  |n 28  |p dar  |h 502 SYN  |w 001284959  |u 000040  |a 0  |e BOA001  |j MZK50  |s A